000 00577nam a2200193Ia 4500
005 20250508164906.0
008 008 250505s9999 xx 000 0 hin d
037 _aDissertations
040 _aFEDL
_beng
_cFEDL
041 _ahin
_2eng
084 _a907, TIW/DI
_qFEDL
100 _aTiwari Sacchida Nand
_9779453
245 0 _aSamaj-vigyan vishye ke roop mein itihas vishye ka vikas - Ek itihasik addhyan
260 _c2002
300 _a83p.
546 _aM.Ed. Dissertation (Delhi University)
942 _cDIS
_h907, TIW/DI
999 _c1391843
_d1391843